[Event "Al Ain Classic 2012"]
[Site "Al-Ain UAE"]
[Date "2012.12.24"]
[Round "3.1"]
[White "Miroshnichenko, Evgenij"]
[Black "Bakre, Tejas"]
[Result "1-0"]
[WhiteTitle "GM"]
[BlackTitle "GM"]
[WhiteElo "2628"]
[BlackElo "2492"]
[WhiteFideId "14102595"]
[BlackFideId "5004195"]
[EventDate "2012.12.22"]

1. c4 c5 2. Nf3 Nc6 3. Nc3 Nf6 4. g3 g6 5. Bg2 d6 6. d4 cxd4 7. Nxd4 Bd7 8. Nb3
Bg7 9. c5 dxc5 10. Nxc5 O-O 11. Nxd7 Nxd7 12. O-O Nb6 13. Bg5 Qxd1 14. Rfxd1 h6
15. Bd2 Rfd8 16. Be1 Kf8 17. Kf1 Rac8 18. Rac1 e6 19. b3 Rxd1 20. Rxd1 Nb4 21.
Nb5 Nxa2 22. Bxb7 Rc1 23. Rxc1 Nxc1 24. b4 Na2 25. Nxa7 Ke7 26. f4 Kd7 27. Bc6+
Kd6 28. e4 Bc3 29. Bf2 Nd7 30. b5 Ba5 31. Bxd7 Kxd7 32. Nc6 Bc3 33. Ke2 Nb4 34.
Nxb4 Bxb4 35. g4 Kd6 36. Kd3 h5 37. gxh5 gxh5 38. Bd4 Ba3 39. Kc4 Kc7 40. Be3
Bd6 41. h3 Kb7 42. Kd3 Bc7 43. e5 Bd8 44. Ke4 Bh4 45. Kf3 Kc7 46. Bf2 Be7 47.
Kg3 Kd7 48. Be3 Bd8 49. Bc5 Kc7 50. Bd4 Kc8 51. Be3 Kd7 52. Ba7 Kc8 53. Bc5 Kd7
54. Bf8 f5 55. exf6 Bxf6 56. Bh6 e5 57. fxe5 Bxe5+ 58. Kh4 Bd4 59. Bf4 1-0

[Event "Al Ain Classic 2012"]
[Site "Al-Ain UAE"]
[Date "2012.12.24"]
[Round "3.2"]
[White "Raetsky, Alexander"]
[Black "Paragua, Mark"]
[Result "1/2-1/2"]
[WhiteTitle "GM"]
[BlackTitle "GM"]
[WhiteElo "2427"]
[BlackElo "2533"]
[WhiteFideId "4103203"]
[BlackFideId "5201241"]
[EventDate "2012.12.22"]

1. e4 c5 2. Nf3 d6 3. d4 cxd4 4. Qxd4 Nc6 5. Bb5 Bd7 6. Bxc6 Bxc6 7. Nc3 h6 8.
O-O e5 9. Qd3 Nf6 10. Re1 Be7 11. b3 O-O 12. Bb2 Rc8 13. a4 Qd7 14. Rad1 a6 15.
Nd2 b5 16. axb5 axb5 17. Nd5 Bxd5 18. exd5 Nh5 19. g3 f5 20. c4 Nf6 21. Rc1 bxc4
22. bxc4 Ng4 23. c5 e4 24. c6 Qe8 25. Qe2 Bd8 26. Bd4 Qf7 27. h3 Nf6 28. Bxf6
Bxf6 29. Nc4 Bd4 30. Red1 Qf6 31. Nxd6 1/2-1/2

[Event "Al Ain Classic 2012"]
[Site "Al-Ain UAE"]
[Date "2012.12.24"]
[Round "3.3"]
[White "Kotanjian, Tigran"]
[Black "Abdel Razik, Khaled"]
[Result "1-0"]
[WhiteTitle "GM"]
[BlackTitle "IM"]
[WhiteElo "2518"]
[BlackElo "2448"]
[WhiteFideId "13301250"]
[BlackFideId "10601104"]
[EventDate "2012.12.22"]

1. d4 d5 2. c4 e6 3. Nc3 c5 4. cxd5 exd5 5. Nf3 Nc6 6. g3 Nf6 7. Bg2 Be7 8. O-O
O-O 9. dxc5 Bxc5 10. a3 Re8 11. b4 Bb6 12. Bb2 Bg4 13. Na4 Ne4 14. Nxb6 Qxb6 15.
Nd4 Nxd4 16. Bxd4 Bxe2 17. Bxb6 Bxd1 18. Rfxd1 axb6 19. Rxd5 Nc3 20. Rd3 Ne2+
21. Kf1 Re7 22. Bf3 Rae8 23. a4 g5 24. a5 b5 25. Re3 Nd4 26. Bxb7 Nc2 27. Rxe7
Rxe7 28. Rc1 1-0

[Event "Al Ain Classic 2012"]
[Site "Al-Ain UAE"]
[Date "2012.12.24"]
[Round "3.4"]
[White "Manakova, Maria"]
[Black "Bajarani, Ulvi"]
[Result "0-1"]
[WhiteTitle "WGM"]
[BlackTitle "IM"]
[WhiteElo "2338"]
[BlackElo "2425"]
[WhiteFideId "927007"]
[BlackFideId "13403028"]
[EventDate "2012.12.22"]

1. e4 c5 2. Nf3 d6 3. d4 cxd4 4. Nxd4 Nf6 5. Nc3 a6 6. Be2 e5 7. Nb3 Be7 8. O-O
O-O 9. Be3 Qc7 10. Rc1 Nbd7 11. Nd5 Nxd5 12. exd5 a5 13. Kh1 h6 14. f4 a4 15.
Nd2 exf4 16. Bxf4 Ne5 17. c4 Ng6 18. Bg3 b6 19. Ne4 Qd7 20. Bf2 Qd8 21. Qd4 Rb8
22. Bd1 Bd7 23. Bg3 f5 24. Nc3 Bf6 25. Qg1 Bg5 26. Ra1 f4 27. Bf2 Ne5 28. Be2 f3
29. gxf3 Bh3 30. Bd4 Bxf1 31. Rxf1 Bf4 32. Rf2 Rb7 33. Rg2 Qe7 34. Nxa4 Bg5 35.
Qd1 Ng6 36. Bd3 Nf4 37. Rg1 Bf6 38. Bc2 Bxd4 39. Qxd4 Nh3 40. Rf1 Qg5 41. Qe4
Re7 42. Qh7+ Kf7 43. Qf5+ Qxf5 44. Bxf5 Nf4 45. Nxb6 Re2 46. Nc8 Rd8 47. Na7 Kf6
48. Be4 Ra8 49. Nb5 Rxb2 50. a3 Ra4 51. Rc1 Ke5 52. Re1 Re2 53. Rxe2 Nxe2 54.
Bd3 Nc1 55. Bf1 g5 56. Kg2 Nb3 57. Bd3 Nd4 58. Nc7 Rxa3 59. Bb1 Rb3 60. Bg6 Rb2+ 0-1

[Event "Al Ain Classic 2012"]
[Site "Al-Ain UAE"]
[Date "2012.12.24"]
[Round "3.5"]
[White "Dimakiling, Oliver"]
[Black "Mohamed, Tarek"]
[Result "1-0"]
[WhiteTitle "IM"]
[WhiteElo "2453"]
[BlackElo "2274"]
[WhiteFideId "5202248"]
[BlackFideId "10617981"]
[EventDate "2012.12.22"]

1. Nf3 Nf6 2. c4 g6 3. Nc3 Bg7 4. g3 d6 5. Bg2 e5 6. d4 Nbd7 7. O-O O-O 8. h3 h6
9. e4 Kh7 10. Be3 c6 11. Qc2 Qc7 12. Rad1 a6 13. c5 dxc5 14. dxc5 Re8 15. Nd2
Nf8 16. Nc4 Ne6 17. f4 Nh5 18. Qf2 Rf8 19. f5 Nd4 20. g4 Nf6 21. Nxe5 Nxf5 22.
Bf4 Nh5 23. gxh5 Bxe5 24. exf5 gxf5 25. Bxe5 Qxe5 26. Qd4 Qg3 27. Ne2 Qg5 28.
Nf4 Rg8 29. Rf2 Re8 30. Qb4 a5 31. Qb3 Re7 32. Rd6 a4 33. Qc3 Be6 34. Nxe6 fxe6
35. Qe5 Rae8 36. Rfd2 Qxh5 37. Rxe6 Rxe6 38. Rd7+ R8e7 39. Rxe7+ Rxe7 40. Qxe7+
Kg8 41. Qd8+ Kf7 42. Qd7+ Kf6 43. Qxb7 Qe2 44. Qxc6+ 1-0

[Event "Al Ain Classic 2012"]
[Site "Al-Ain UAE"]
[Date "2012.12.24"]
[Round "3.6"]
[White "Yasseen, Aly"]
[Black "Tissir, Mohamed"]
[Result "1/2-1/2"]
[WhiteTitle "IM"]
[BlackTitle "IM"]
[WhiteElo "2280"]
[BlackElo "2411"]
[WhiteFideId "10600116"]
[BlackFideId "9000240"]
[EventDate "2012.12.22"]

1. e4 e5 2. Nf3 Nc6 3. Bb5 a6 4. Ba4 Nf6 5. O-O Be7 6. Re1 b5 7. Bb3 d6 8. c3
O-O 9. h3 Na5 10. Bc2 c5 11. d4 Nd7 12. d5 Nb6 13. Nbd2 f5 14. exf5 Bxf5 15.
Bxf5 Rxf5 16. Nf1 h6 17. Ne3 Rf8 18. b3 c4 19. Nd2 Kh8 20. Ne4 Qe8 21. Ba3 Qg6
22. Qg4 Qxg4 23. hxg4 cxb3 24. axb3 Nxb3 25. Rab1 Nc5 26. Bxc5 dxc5 27. d6 Bg5
28. Nxc5 Rfd8 29. Red1 Rac8 30. Nxa6 Rxc3 31. Rxb5 Bxe3 32. fxe3 Rc6 1/2-1/2

[Event "Al Ain Classic 2012"]
[Site "Al-Ain UAE"]
[Date "2012.12.24"]
[Round "3.7"]
[White "Ibrayev, Nurlan"]
[Black "Tarasova, Viktoriya"]
[Result "1/2-1/2"]
[WhiteTitle "GM"]
[BlackTitle "WIM"]
[WhiteElo "2406"]
[BlackElo "2254"]
[WhiteFideId "13700650"]
[BlackFideId "4175840"]
[EventDate "2012.12.22"]

1. c4 e5 2. d3 Nf6 3. Nf3 Nc6 4. a3 a5 5. Bg5 h6 6. Bh4 d6 7. e3 g5 8. Bg3 Bg7
9. Nc3 Bf5 10. Nd2 Be6 11. h4 g4 12. Be2 Qd7 13. h5 Rg8 14. Qc2 Bh8 15. O-O-O
O-O-O 16. Bh4 Rde8 17. Bxf6 Bxf6 18. g3 Bh8 19. Bf1 Ne7 20. Bg2 f5 21. Nd5 Bf7
22. Nb1 Nxd5 23. Bxd5 Bxd5 24. cxd5 Kb8 25. Nc3 f4 26. Kb1 Ref8 27. Qb3 fxe3 28.
fxe3 Rf3 29. Rhe1 Bf6 30. Rc1 Rc8 31. Ne4 Bg5 32. Nxg5 1/2-1/2

[Event "Al Ain Classic 2012"]
[Site "Al-Ain UAE"]
[Date "2012.12.24"]
[Round "3.8"]
[White "Hamdouchi, Adina-Maria"]
[Black "Abdulov, Orkhan"]
[Result "1-0"]
[WhiteTitle "WGM"]
[BlackTitle "IM"]
[WhiteElo "2211"]
[BlackElo "2387"]
[WhiteFideId "1206435"]
[BlackFideId "13402714"]
[EventDate "2012.12.22"]

1. d4 Nf6 2. Nf3 c5 3. d5 g6 4. Nc3 Bg7 5. e4 d6 6. h3 O-O 7. a4 Na6 8. Bc4 Nc7
9. Bf4 a6 10. O-O Rb8 11. a5 Nb5 12. Re1 Nxc3 13. bxc3 Nh5 14. Bd2 e6 15. Bg5
Bf6 16. Qd2 e5 17. Bh6 Re8 18. Kh2 Nf4 19. Bf1 Qd7 20. Reb1 Kh8 21. Ra3 g5 22.
g3 Rg8 23. gxf4 gxf4 24. Bxf4 exf4 25. Qxf4 Qe7 26. Rb6 Rd8 27. c4 Bg7 28. Re3
f6 29. Kh1 Qf8 30. Qh4 Bd7 31. Bd3 Bh6 32. e5 f5 33. e6 Qg7 34. Re1 Be8 35. Bxf5
Bg6 36. Bxg6 Qxg6 37. Qe4 Qf6 38. Rb3 Rg8 39. e7 Bf4 40. Qe6 Qxe6 41. Rxe6 Kg7
42. Nh4 Kh8 43. Rf3 Be5 44. Rf7 b5 45. Rh6 Rg7 46. Ng6+ Rxg6 47. Rxg6 1-0

[Event "Al Ain Classic 2012"]
[Site "Al-Ain UAE"]
[Date "2012.12.24"]
[Round "3.10"]
[White "Tabatabaei, M.amin"]
[Black "Grigoryan, Karen H."]
[Result "0-1"]
[WhiteTitle "FM"]
[BlackTitle "IM"]
[WhiteElo "2134"]
[BlackElo "2513"]
[WhiteFideId "12521213"]
[BlackFideId "13301004"]
[EventDate "2012.12.22"]

1. d4 Nf6 2. c4 g6 3. Nc3 d5 4. Nf3 Bg7 5. Bg5 dxc4 6. e4 c5 7. d5 b5 8. e5 b4
9. Nb5 a6 10. exf6 exf6 11. Qe2+ Kf8 12. Be3 axb5 13. Bxc5+ Kg8 14. Nd4 Bb7 15.
Nxb5 Na6 16. Bd6 Qe8 17. Qxe8+ Rxe8+ 18. Kd2 Bxd5 19. Rc1 Bh6+ 20. f4 Rd8 21.
Bxc4 Bxg2 22. Rhe1 Bxf4+ 23. Kc2 b3+ 24. Kb1 Bxd6 25. Rcd1 Be7 26. Rxd8+ Bxd8
27. Nd6 Kg7 28. Bxa6 Ba5 29. Re7 bxa2+ 30. Kxa2 Bd5+ 31. Bc4 Bxc4+ 32. Nxc4 Bb4
33. Rb7 Ra8+ 34. Kb3 Bf8 35. Kc3 Ra2 36. h4 h5 37. b4 Rh2 38. b5 Rh3+ 39. Kd4
Rxh4+ 40. Kd5 Rh1 41. Ke4 h4 42. Kf3 h3 43. Rc7 Rg1 0-1

[Event "Al Ain Classic 2012"]
[Site "Al-Ain UAE"]
[Date "2012.12.24"]
[Round "3.11"]
[White "Mammadov, Zaur"]
[Black "Soozankar, A.M."]
[Result "1/2-1/2"]
[WhiteTitle "IM"]
[BlackTitle "FM"]
[WhiteElo "2459"]
[BlackElo "2223"]
[WhiteFideId "13401033"]
[BlackFideId "12503029"]
[EventDate "2012.12.22"]

1. d4 Nf6 2. Nf3 e6 3. e3 c5 4. Bd3 Nc6 5. c3 d5 6. O-O Bd6 7. Nbd2 cxd4 8. exd4
O-O 9. Re1 Nd7 10. c4 Nb4 11. Bb1 dxc4 12. Nxc4 Be7 13. a3 Nd5 14. Qd3 g6 15.
Bh6 Re8 16. h4 N7f6 17. Nce5 Bf8 18. Bg5 Qb6 19. Ba2 Bd7 20. Bxf6 Nxf6 21. Ng5
Re7 22. h5 Nxh5 23. Ngxf7 Rxf7 24. Nxd7 Qxb2 25. Bxe6 Qxf2+ 26. Kh1 Bd6 27.
Bxf7+ Kxf7 28. Qf3+ Qxf3 29. gxf3 Ng3+ 30. Kg2 Nf5 31. Ne5+ Bxe5 32. dxe5 Rd8
33. e6+ Kf6 34. Rac1 Rd2+ 35. Kh3 Rd3 36. Rc8 Rxf3+ 37. Kg2 Re3 38. Rxe3 Nxe3+
39. Kf3 Nd5 40. Re8 b5 41. Rb8 a6 42. Ra8 b4 43. Ke4 Nc7 44. Ra7 Nb5 45. e7 Kf7
46. Ra8 Kxe7 47. axb4 Nc7 48. Rb8 Kd7 49. Rb6 g5 50. Ke5 h5 51. Rd6+ Kc8 52. Rh6
Kb7 53. Rxh5 a5 54. Kd6 Ne8+ 55. Ke7 Nc7 56. bxa5 Ka6 57. Kd6 Nb5+ 58. Kc6 Na7+
59. Kc5 Kxa5 60. Rxg5 Ka6 1/2-1/2

[Event "Al Ain Classic 2012"]
[Site "Al-Ain UAE"]
[Date "2012.12.24"]
[Round "3.12"]
[White "Ayyad, Husain"]
[Black "Moosavian, S.Hamed"]
[Result "0-1"]
[WhiteTitle "FM"]
[BlackTitle "IM"]
[WhiteElo "2205"]
[BlackElo "2377"]
[WhiteFideId "11200243"]
[BlackFideId "12501930"]
[EventDate "2012.12.22"]

1. e4 c5 2. Nf3 Nc6 3. d4 cxd4 4. Nxd4 g6 5. Bc4 Bg7 6. Nxc6 bxc6 7. O-O d6 8.
Nc3 Nf6 9. h3 O-O 10. Qe2 d5 11. Rd1 e6 12. Bb3 a5 13. Bg5 h6 14. Be3 Nd7 15.
Na4 Qh4 16. exd5 cxd5 17. Qg4 Qe7 18. Qg3 Ba6 19. Re1 Rac8 20. Rad1 Bc4 21. Rd2
Qb4 22. c3 Qb7 23. Bxc4 Rxc4 24. b3 Rc7 25. f3 Kh7 26. Red1 Rfc8 27. Qf4 g5 28.
Qg3 f5 29. Bd4 f4 30. Qg4 Re8 31. Bxg7 Kxg7 32. h4 Nf6 33. Qh3 Rc6 34. Re1 Qf7
35. Re5 Nd7 36. Re1 e5 37. Qg4 Nf6 38. Qf5 Qe6 39. Qxe6 Rexe6 40. hxg5 hxg5 41.
c4 dxc4 42. bxc4 Rxc4 43. Nb2 Rc7 44. Rde2 g4 45. fxg4 e4 46. Nd3 exd3 47. Rxe6
d2 48. Rf1 Rc1 49. Rd6 Ne4 50. Rxd2 Rxf1+ 51. Kxf1 Nxd2+ 52. Ke2 Nb1 53. Kf3 Nc3
54. Kxf4 Nxa2 55. Ke4 Nb4 56. Kd4 Kg6 57. Kc4 Kg5 0-1

[Event "Al Ain Classic 2012"]
[Site "Al-Ain UAE"]
[Date "2012.12.24"]
[Round "3.13"]
[White "Zabeib, Mohamed"]
[Black "Lodhi, Mahmood"]
[Result "0-1"]
[BlackTitle "IM"]
[WhiteElo "2158"]
[BlackElo "2353"]
[WhiteFideId "10607617"]
[BlackFideId "7800010"]
[EventDate "2012.12.22"]

1. Nf3 Nf6 2. g3 g6 3. Bg2 Bg7 4. O-O d5 5. d3 O-O 6. Nbd2 c6 7. e4 Na6 8. h3
dxe4 9. dxe4 Nc5 10. Qe2 b6 11. Re1 a5 12. Ne5 Qc7 13. Nxc6 Ba6 14. c4 e5 15.
Nxe5 Qxe5 16. f4 Qd4+ 17. Kh2 Rad8 18. e5 Nfd7 19. Bd5 Nxe5 20. Qg2 Nxc4 21.
Nxc4 Bxc4 22. Bxc4 Qxc4 23. Be3 Rfe8 24. b3 Qe4 25. Qxe4 Rxe4 0-1

[Event "Al Ain Classic 2012"]
[Site "Al-Ain UAE"]
[Date "2012.12.24"]
[Round "3.14"]
[White "Senador, Emmanuel"]
[Black "Enkhtuul, Altanulzii"]
[Result "1-0"]
[WhiteTitle "IM"]
[BlackTitle "WIM"]
[WhiteElo "2352"]
[BlackElo "2153"]
[WhiteFideId "5200601"]
[BlackFideId "4901444"]
[EventDate "2012.12.22"]

1. e4 c6 2. Nc3 d5 3. Nf3 g6 4. d4 dxe4 5. Nxe4 Bg7 6. Bc4 Nf6 7. Nxf6+ Bxf6 8.
Bh6 Qa5+ 9. c3 Qh5 10. Be3 O-O 11. Qd2 Nd7 12. Ng5 Nb6 13. Be2 Bg4 14. f3 Bd7
15. c4 Bxg5 16. Bxg5 f6 17. Be3 Be6 18. b3 Bf7 19. g4 Qh3 20. O-O-O a5 21. a4 f5
22. Rdg1 fxg4 23. Rg3 Nd7 24. fxg4 Qxg3 25. hxg3 b5 26. Bh6 Rfd8 27. Qe3 bxa4
28. Qxe7 Re8 29. Qxd7 Rad8 30. Qxc6 1-0

[Event "Al Ain Classic 2012"]
[Site "Al-Ain UAE"]
[Date "2012.12.24"]
[Round "3.15"]
[White "Ihsan, Jawad"]
[Black "Hassan, Sayed Barakat"]
[Result "0-1"]
[WhiteTitle "CM"]
[BlackTitle "IM"]
[WhiteElo "2126"]
[BlackElo "2347"]
[WhiteFideId "11500263"]
[BlackFideId "10600299"]
[EventDate "2012.12.22"]

1. d4 c5 2. dxc5 Na6 3. Nf3 Nxc5 4. g3 Nf6 5. Bg2 g6 6. O-O Bg7 7. c4 O-O 8. Nc3
d6 9. h3 Be6 10. Nd5 Rc8 11. Be3 Qd7 12. Kh2 b5 13. Nxf6+ Bxf6 14. cxb5 Qxb5 15.
Bd4 Bxd4 16. Qxd4 Bc4 17. Qh4 Ne6 18. Qxe7 Bxe2 19. Rfe1 Bxf3 20. Bxf3 Nd4 21.
Bb7 Rb8 22. Qe4 Qxb2 23. Kg1 Rfe8 24. Qxe8+ Rxe8 25. Rxe8+ Kg7 26. Rd1 Ne2+ 27.
Kf1 Qxb7 0-1

[Event "Al Ain Classic 2012"]
[Site "Al-Ain UAE"]
[Date "2012.12.24"]
[Round "3.16"]
[White "Soloviova, Liza"]
[Black "Nesterovskaya, Anzhelika"]
[Result "1/2-1/2"]
[WhiteTitle "WGM"]
[BlackTitle "WF"]
[WhiteElo "2287"]
[BlackElo "2133"]
[WhiteFideId "14117665"]
[BlackFideId "14114895"]
[EventDate "2012.12.22"]

1. e4 e6 2. d4 d5 3. exd5 exd5 4. Nf3 Nf6 5. Bg5 Be7 6. Bd3 O-O 7. O-O h6 8.
Bxf6 Bxf6 9. Nbd2 Bg4 10. h3 Bxf3 11. Nxf3 Re8 12. Re1 Nd7 13. c3 Rxe1+ 14. Qxe1
Qe8 15. Qxe8+ Rxe8 16. Re1 Rxe1+ 17. Nxe1 Nf8 18. Nc2 Ne6 19. Ne3 c6 20. Kf1 Kf8
21. Ke2 Nf4+ 22. Kd2 Nxd3 23. Kxd3 Bg5 24. g3 Bxe3 25. Kxe3 Ke7 26. f4 f5 27. a4
h5 28. h4 b6 29. b3 a6 30. Kd3 Kd6 31. b4 b5 32. a5 g6 1/2-1/2

[Event "Al Ain Classic 2012"]
[Site "Al-Ain UAE"]
[Date "2012.12.24"]
[Round "3.17"]
[White "Abtini, Hasan"]
[Black "Mokhtar, Ahmed"]
[Result "0-1"]
[WhiteElo "1935"]
[BlackElo "2282"]
[WhiteFideId "7601506"]
[BlackFideId "10600698"]
[EventDate "2012.12.22"]

1. e4 e6 2. d3 d5 3. Nd2 c5 4. Ngf3 Nc6 5. g3 g6 6. Bg2 Bg7 7. O-O Nge7 8. Re1
b6 9. Nf1 h6 10. h4 Bb7 11. a3 Qd7 12. e5 Qc7 13. Qe2 Nd4 14. Nxd4 cxd4 15. Bf4
Nc6 16. g4 g5 17. hxg5 hxg5 18. Bg3 O-O-O 19. Nd2 Kb8 20. Nf3 Bh6 21. Qd2 Ka8
22. b4 Rc8 23. Rec1 Bg7 24. Re1 Rcg8 25. Re2 Bf8 26. b5 Ne7 27. Nxd4 Ng6 28. Nf3
Nh4 29. d4 Be7 30. a4 Rc8 31. a5 Kb8 32. axb6 axb6 33. Ra4 Qd7 34. Qd3 Rc4 35.
Qb3 Rhc8 36. Bxh4 gxh4 37. Rd2 h3 38. Bh1 Rc3 39. Qb2 Qc7 40. Ne1 Rg8 41. Rd3
Rxg4+ 42. Kf1 Rc4 0-1

[Event "Al Ain Classic 2012"]
[Site "Al-Ain UAE"]
[Date "2012.12.24"]
[Round "3.18"]
[White "El Ghazali, Youssef M."]
[Black "Molina, Antonio"]
[Result "1-0"]
[WhiteTitle "IM"]
[BlackTitle "FM"]
[WhiteElo "2244"]
[BlackElo "2099"]
[WhiteFideId "10600167"]
[BlackFideId "5201365"]
[EventDate "2012.12.22"]

1. Nf3 c5 2. c4 Nc6 3. Nc3 g6 4. g3 Bg7 5. Bg2 e6 6. O-O Nge7 7. d3 O-O 8. Bg5
h6 9. Bxe7 Qxe7 10. e3 d6 11. Rc1 Qf6 12. b3 g5 13. h4 gxh4 14. Nxh4 Ne5 15. Ne4
Qe7 16. f4 Ng6 17. f5 exf5 18. Nxf5 Bxf5 19. Rxf5 Qe6 20. Qf3 Ne5 21. Qh5 Qg6
22. Qxg6 fxg6 23. Rxf8+ Bxf8 24. Nf2 Rb8 25. Bd5+ Kg7 26. Rf1 Be7 27. Nh3 Bf6
28. Nf4 Ng4 29. Ne6+ Kh7 30. Rf4 h5 31. Bf3 Be5 32. Rf7+ Kg8 33. Rd7 Nxe3 34.
Bxb7 Re8 35. Bd5 Nxd5 36. cxd5 Ra8 37. Nf4 a5 38. Nxg6 Bxg3 39. Kg2 h4 40. Kh3
a4 41. Kg4 axb3 42. axb3 Rb8 43. Kg5 h3 44. Kf6 Be5+ 45. Nxe5 dxe5 46. Rg7+ Kf8
47. Rh7 Rb6+ 48. Kxe5 Rxb3 49. Rxh3 c4 50. Ke6 Rxd3 51. Rh8+ Kg7 52. Rc8 Re3+
53. Kd7 c3 54. d6 Kf7 55. Rc5 Rd3 56. Kc7 Ke6 57. Rc6 c2 58. Rxc2 1-0

[Event "Al Ain Classic 2012"]
[Site "Al-Ain UAE"]
[Date "2012.12.24"]
[Round "3.19"]
[White "Amer, Mohammed Bishara"]
[Black "Raes, A"]
[Result "0-1"]
[WhiteElo "1924"]
[BlackElo "2235"]
[WhiteFideId "12200719"]
[BlackFideId "7600801"]
[EventDate "2012.12.22"]

1. e4 c5 2. Nf3 d6 3. d4 cxd4 4. Nxd4 Nf6 5. Nc3 a6 6. Be2 e6 7. Be3 Qc7 8. O-O
Be7 9. Qd3 Nbd7 10. Nf3 b5 11. a3 Bb7 12. Rad1 Rd8 13. Bd4 Nc5 14. Bxc5 dxc5 15.
Qe3 O-O 16. Ng5 h6 17. e5 Nd7 18. Nf3 Bxf3 19. Bxf3 Nxe5 20. Be2 c4 21. g3 Bc5
22. Qe4 f5 23. Qg2 Bd4 24. Nb1 Bb6 25. Rxd8 Rxd8 26. Rd1 Rf8 27. Bf3 f4 28. g4
Rd8 29. Re1 Qc5 30. h3 Qxf2+ 31. Qxf2 Nxf3+ 32. Kg2 Bxf2 33. Rxe6 Ng5 34. Rxa6
Bh4 35. Nc3 Rd2+ 36. Kf1 Rf2+ 0-1

[Event "Al Ain Classic 2012"]
[Site "Al-Ain UAE"]
[Date "2012.12.24"]
[Round "3.20"]
[White "Mohannad, Farhan"]
[Black "Sameir, Ramez"]
[Result "1-0"]
[WhiteTitle "FM"]
[WhiteElo "2263"]
[BlackElo "2068"]
[WhiteFideId "8100918"]
[BlackFideId "10606017"]
[EventDate "2012.12.22"]

1. d4 e6 2. c4 d5 3. Nc3 Nf6 4. cxd5 exd5 5. Bg5 Be7 6. e3 O-O 7. Bd3 Re8 8. Qc2
Nbd7 9. Nf3 Nf8 10. O-O c6 11. Ne5 Ng4 12. Bxe7 Qxe7 13. Nf3 Be6 14. Rab1 a5 15.
Na4 Nf6 16. Nc5 Ne4 17. Nxe6 Qxe6 18. b4 axb4 19. Rxb4 Nd6 20. Nd2 Ra3 21. Ra4
Ra8 22. Rxa8 Rxa8 23. Nb3 Qc8 24. Nc5 Ra3 25. Rb1 Qa8 26. Rb2 b5 27. g3 Nc4 28.
Bxc4 dxc4 29. Qe2 h6 30. Rc2 Qa5 31. Kg2 Ng6 32. e4 Ne7 33. Qd2 c3 34. Qe2 b4
35. Qc4 Nc8 36. e5 Nb6 37. Qe2 Nd5 38. e6 fxe6 39. Qxe6+ Kh8 40. Qc8+ Kh7 41.
Qf5+ Kh8 42. Re2 Qd8 43. Qf7 Nf6 44. Ne6 Qg8 45. Qe7 Nd5 46. Qd7 b3 47. axb3
Rxb3 48. Ng5 1-0

[Event "Al Ain Classic 2012"]
[Site "Al-Ain UAE"]
[Date "2012.12.24"]
[Round "3.21"]
[White "Bennett, John M"]
[Black "Solomons, Anzel"]
[Result "1/2-1/2"]
[BlackTitle "WIM"]
[WhiteElo "2066"]
[BlackElo "1928"]
[WhiteFideId "403261"]
[BlackFideId "14300800"]
[EventDate "2012.12.22"]

1. d4 d5 2. c4 c6 3. Nf3 Nf6 4. Nc3 dxc4 5. a4 e6 6. e3 c5 7. Bxc4 Nc6 8. O-O
Be7 9. Qe2 cxd4 10. exd4 O-O 11. Rd1 Nb4 12. Ne5 Bd7 13. Bg5 Bc6 14. Nxc6 bxc6
15. a5 Rb8 16. Bf4 Bd6 17. Be5 Qc7 18. Bxf6 gxf6 19. Qg4+ Kh8 20. Qh4 f5 21.
Qf6+ Kg8 22. Qg5+ Kh8 23. Qf6+ Kg8 24. Qg5+ Kh8 1/2-1/2

[Event "Al Ain Classic 2012"]
[Site "Al-Ain UAE"]
[Date "2012.12.24"]
[Round "3.22"]
[White "Ahmed, Fayez"]
[Black "Khadzh Khamed, Naser"]
[Result "0-1"]
[WhiteElo "1959"]
[BlackElo "2021"]
[WhiteFideId "9300449"]
[BlackFideId "14118920"]
[EventDate "2012.12.22"]

1. e4 c5 2. Nf3 g6 3. d4 Bg7 4. Nc3 cxd4 5. Nxd4 Nc6 6. Be3 Nf6 7. f3 O-O 8. Bc4
Qb6 9. Bb3 Nxe4 10. Nf5 Nxc3 11. Qd2 Qb4 12. Nxg7 Nxa2 13. Rxa2 Qxd2+ 14. Bxd2
Kxg7 15. h4 h6 16. h5 g5 17. Kf2 e5 18. Bd5 Re8 19. b4 Ne7 20. Bb3 d6 21. Rha1
a6 22. b5 d5 23. Bb4 d4 24. bxa6 Nc6 25. Bc5 Rxa6 26. Rxa6 bxa6 27. Ba4 Re6 28.
Rb1 Rf6 29. Rb6 Na5 30. Bf8+ Kxf8 31. Rxf6 Be6 32. Bd7 Bxd7 33. Rxh6 Nc6 34. Rd6
Be8 35. Rd5 a5 36. Rb5 a4 37. Rb6 f5 38. g4 fxg4 39. fxg4 e4 40. Kg3 e3 41. h6
a3 42. Ra6 Nb4 43. Ra8 a2 44. Rxe8+ Kf7 45. h7 a1=Q 46. Rf8+ Ke7 47. Re8+ Kd7
48. Rd8+ Kc7 49. Rc8+ Kxc8 50. h8=Q+ Kb7 51. Qg7+ Kb6 52. Qxg5 Qg1+ 53. Kf3 Qd1+
54. Ke4 Qxc2+ 55. Kxd4 Nc6+ 0-1

[Event "Al Ain Classic 2012"]
[Site "Al-Ain UAE"]
[Date "2012.12.24"]
[Round "3.23"]
[White "Abdalla, Sayed"]
[Black "Bharat, Vijay"]
[Result "0-1"]
[WhiteElo "2009"]
[BlackElo "1961"]
[WhiteFideId "10619640"]
[BlackFideId "5032784"]
[EventDate "2012.12.22"]

1. d4 Nf6 2. Nf3 e6 3. e3 b6 4. Bd3 Bb7 5. Nbd2 c5 6. b3 Nc6 7. Bb2 cxd4 8. exd4
Nb4 9. Be2 Rc8 10. c4 Bd6 11. a3 Nc6 12. O-O O-O 13. Bd3 Ne7 14. d5 Ng6 15. dxe6
dxe6 16. Qc2 Qc7 17. Rfd1 Rfd8 18. h3 Ne5 19. Be2 Ng6 20. Rac1 Nf4 21. Bf1 Qc6
22. Re1 Be7 23. Rcd1 Nxh3+ 24. gxh3 Rxd2 25. Qxd2 Qxf3 26. Kh2 Qh1+ 27. Kg3 Nh5+
28. Kg4 Qf3# 0-1

[Event "Al Ain Classic 2012"]
[Site "Al-Ain UAE"]
[Date "2012.12.24"]
[Round "3.24"]
[White "Nassajtorshizi, Amirmorteza"]
[Black "Magdy, Kassem"]
[Result "1-0"]
[WhiteElo "1999"]
[BlackElo "1956"]
[WhiteFideId "12511242"]
[BlackFideId "10618791"]
[EventDate "2012.12.22"]

1. d4 d5 2. Nf3 Nf6 3. c4 c6 4. e3 Bf5 5. Nc3 e6 6. Ne5 Bd6 7. g4 Be4 8. f3 Bg6
9. h4 h6 10. Nxg6 Bg3+ 11. Kd2 fxg6 12. Bd3 dxc4 13. Bxg6+ Kf8 14. f4 Nd5 15.
Nxd5 cxd5 16. g5 hxg5 17. hxg5 Ke7 18. Qf3 Qa5+ 19. Kc2 Rxh1 20. Qxh1 Be1 21.
Qh8 Kd6 22. Qf8+ Kc7 23. Kd1 Bb4 24. Qg8 a6 25. a3 Nc6 26. Qxa8 Nd8 27. axb4
Qxa1 28. Qa7 Nc6 29. Qc5 b6 30. Qf8 1-0